| Tag |
First Indicator |
Second Indicator |
Subfields |
| LEADER |
00000cam a2200000 a 4500 |
| 001 |
in00001465521 |
| 005 |
20151021051357.0 |
| 008 |
980929m19989999cauab b 000 0 eng |
| 010 |
|
|
|a 98031679
|
| 020 |
|
|
|a 0833026682 (v. 6 : pbk.)
|
| 020 |
|
|
|z 0833026771 (v. 2)
|
| 035 |
|
|
|a (OCoLC)40113369
|
| 035 |
|
|
|9 AJD9823AM
|
| 040 |
|
|
|a DLC
|c DLC
|d UtOrBLW
|
| 049 |
|
|
|a TXAM
|
| 050 |
0 |
0 |
|a RB152.7
|b .R48 1998
|
| 082 |
0 |
0 |
|a 616.9/8023
|2 21
|
| 245 |
0 |
2 |
|a A review of the scientific literature as it pertains to Gulf War illnesses.
|
| 264 |
|
1 |
|a Santa Monica, CA :
|b Rand,
|c <1998->
|
| 300 |
|
|
|a volumes :
|b illustrations, maps ;
|c 26 cm.
|
| 336 |
|
|
|a text
|b txt
|2 rdacontent
|
| 337 |
|
|
|a unmediated
|b n
|2 rdamedia
|
| 338 |
|
|
|a volume
|b nc
|2 rdacarrier
|
| 490 |
1 |
|
|a Gulf War illnesses series
|
| 500 |
|
|
|a "Prepared for the Office of the Secretary of Defense, National Defense Research Institute."
|
| 500 |
|
|
|a "MR-1018/1-OSD."--P. [4] cover, volume 1.
|
| 500 |
|
|
|a "MR-1018/2-OSD."--P. [4] cover, volume 2.
|
| 500 |
|
|
|a "MR-1018/4-OSD."--P. [4] cover, volume 4.
|
| 500 |
|
|
|a "MR-1018/5-OSD."--P. [4] cover, volume 5.
|
| 500 |
|
|
|a "MR-1018/6-OSD."--P. [4] cover, volume 6.
|
| 500 |
|
|
|a "MR-1018/7-OSD."--P. [4] cover, volume 7.
|
| 504 |
|
|
|a Includes bibliographical references.
|
| 505 |
0 |
|
|a v. 1. Infectious diseases / Lee H. Hilborne, Beatrice Alexandra Golomb -- v. 2. Pyridostigmine bromide / Beatrice Alexandra Golomb -- v. 3. Immunizations / Beatrice Alexandra Golomb -- v. 4. Stress / Grant N. Marshall ... [et al.] -- v. 5. Chemical and biological warfare agents / William S. Augerson -- v. 6. Oilwell fires / Dalia M. Spektor -- v. 7. Depleted uranium / Naomi H. Harley ...[et al.] -- v. 8. Pesticides / Gary Cecchine ...[et al.].
|
| 650 |
|
0 |
|a Persian Gulf syndrome.
|
| 700 |
1 |
|
|a Spektor, Dalia M.
|
| 700 |
1 |
|
|a Augerson, William S.
|
| 700 |
1 |
|
|a Golomb, Beatrice Alexandra.
|
| 700 |
1 |
|
|a Harley, Naomi H.
|
| 710 |
1 |
|
|a United States.
|b Department of Defense.
|b Office of the Secretary of Defense.
|
| 710 |
2 |
|
|a National Defense Research Institute (U.S.)
|
| 710 |
2 |
|
|a Rand Corporation.
|
| 830 |
|
0 |
|a Gulf War illnesses series.
|
| 948 |
|
|
|a c:pk
|
| 999 |
|
|
|a MARS
|
| 999 |
f |
f |
|s bceeac7a-5823-3ae1-a001-f35fb68ef659
|i 5468e8fc-a6df-3c19-9779-49c041e9b769
|t 0
|
| 952 |
f |
f |
|p ric
|a Texas A&M University
|b Rellis Campus
|c Joint Library Facility
|s JLF
|d Remote Storage
|t 0
|e RB152.7 .R48 1998
|h Library of Congress classification
|i unmediated -- volume
|k v.2
|m A14825350998
|
| 952 |
f |
f |
|p ric
|a Texas A&M University
|b Rellis Campus
|c Joint Library Facility
|s JLF
|d Remote Storage
|t 0
|e RB152.7 .R48 1998
|h Library of Congress classification
|i unmediated -- volume
|k v.5
|m A14827078445
|
| 952 |
f |
f |
|p ric
|a Texas A&M University
|b Rellis Campus
|c Joint Library Facility
|s JLF
|d Remote Storage
|t 0
|e RB152.7 .R48 1998
|h Library of Congress classification
|i unmediated -- volume
|k v.6
|m A14823442503
|
| 952 |
f |
f |
|p ric
|a Texas A&M University
|b Rellis Campus
|c Joint Library Facility
|s JLF
|d Remote Storage
|t 0
|e RB152.7 .R48 1998
|h Library of Congress classification
|i unmediated -- volume
|k v.8
|m A14827332271
|
| 952 |
f |
f |
|p ric
|a Texas A&M University
|b Rellis Campus
|c Joint Library Facility
|s JLF
|d Remote Storage
|t 0
|e RB152.7 .R48 1998
|h Library of Congress classification
|i unmediated -- volume
|k v.1
|m A14827172396
|
| 952 |
f |
f |
|p ric
|a Texas A&M University
|b Rellis Campus
|c Joint Library Facility
|s JLF
|d Remote Storage
|t 0
|e RB152.7 .R48 1998
|h Library of Congress classification
|i unmediated -- volume
|k v.4
|m A14825054770
|
| 998 |
f |
f |
|a RB152.7 .R48 1998
|s v.1-v.2,v.4-v.6, v.8
|t 0
|l Remote Storage
|